| 000 | 00818nam a2200253 a 4500 | ||
|---|---|---|---|
| 001 | 000024165 | ||
| 005 | 20200930022755.0 | ||
| 008 | 110119s1975 sp r 000 0 spa d | ||
| 020 | _a8433402161 | ||
| 040 |
_aDO-SdBNP _bspa _cBNPHU |
||
| 082 |
_a891.7 _bL566s |
||
| 100 | 1 |
_aLenin, Vladimir, _d1870-1924 _949622 |
|
| 245 | 1 | 0 |
_aSobre arte y literatura / _cV. I. Lenin ; edición preparada por Miguel Lendinez. |
| 260 |
_aMadrid, (España) : _bEdiciones Juncar, _c1975. |
||
| 300 |
_axxi, 249, [5] p. ; _c20 cm. |
||
| 490 | 1 |
_aSindéresis _v2 |
|
| 504 | _aIncluye referencias bibliográficas | ||
| 504 | _aIncluye notas al pie de las páginas | ||
| 650 | 4 |
_aLiteratura rusa _94743 |
|
| 650 | 4 |
_aArte ruso _949623 |
|
| 700 | 1 |
_aLendinez, Miguel _eed. _949624 |
|
| 830 | 0 |
_aSindéresis ; _v2 _949625 |
|
| 049 | _aBNGR | ||
| 999 |
_c23659 _d23659 |
||